Psychology: the science of mind and behavior. / (Record no. 8351)

MARC details
000 -LEADER
fixed length control field 01300pam a2200277 a 4500
001 - CONTROL NUMBER
control field 3842205
003 - CONTROL NUMBER IDENTIFIER
control field OSt
005 - DATE AND TIME OF LATEST TRANSACTION
control field 20211221122354.0
008 - FIXED-LENGTH DATA ELEMENTS--GENERAL INFORMATION
fixed length control field 871203s1988 nyua b 001 0 eng
010 ## - LIBRARY OF CONGRESS CONTROL NUMBER
LC control number 87035600
020 ## - INTERNATIONAL STANDARD BOOK NUMBER
International Standard Book Number 9780077136406
020 ## - INTERNATIONAL STANDARD BOOK NUMBER
International Standard Book Number 0077136403
040 ## - CATALOGING SOURCE
Original cataloging agency DLC
Transcribing agency DLC
Modifying agency DLC
050 00 - LIBRARY OF CONGRESS CALL NUMBER
Classification number BF121.P97
082 00 - DEWEY DECIMAL CLASSIFICATION NUMBER
Classification number 150
Edition number 19
245 10 - TITLE STATEMENT
Title Psychology: the science of mind and behavior. /
Statement of responsibility, etc. Nigel Holt ...[et al.].
250 ## - EDITION STATEMENT
Edition statement 2nd ed.
260 ## - PUBLICATION, DISTRIBUTION, ETC.
Place of publication, distribution, etc. New York:
Name of publisher, distributor, etc. McGraw-Hill,
Date of publication, distribution, etc. 2012.
300 ## - PHYSICAL DESCRIPTION
Extent xxix, 866 p. :
Other physical details ill. ;
500 ## - GENERAL NOTE
General note Includes indexes.
505 ## - FORMATTED CONTENTS NOTE
Formatted contents note Contents: The science of psychology -- Studying behaviour scientifically -- Genes, environment and behaviour -- The brain and behaviour -- Sensation and perception -- Consciousness -- Learning: the role of experience -- Memory -- Language and thinking -- Intelligence -- Motivation and emotion -- Lifespan development I: physical and cognitive development -- lifespan development II: social and emotional development social thinking and behavior -- personality -- Health psychology: adjusting to life -- Psychological disorders -- Treatment of psychological disorders --
650 #0 - SUBJECT ADDED ENTRY--TOPICAL TERM
Topical term or geographic name entry element Psychology.
700 ## - ADDED ENTRY--PERSONAL NAME
Fuller form of name Holt, Nigel
906 ## - LOCAL DATA ELEMENT F, LDF (RLIN)
a 7
b cbc
c orignew
d 1
e ocip
f 19
g y-gencatlg
942 ## - ADDED ENTRY ELEMENTS (KOHA)
Source of classification or shelving scheme Library of Congress Classification
Koha item type Books
Holdings
Withdrawn status Lost status Source of classification or shelving scheme Damaged status Not for loan Home library Current library Shelving location Date acquired Total Checkouts Full call number Barcode Date last seen Price effective from Koha item type
    Library of Congress Classification     WISCONSIN INTERNATIONAL UNIVERSITY COLLEGE, GHANA KUMASI LIBRARY WISCONSIN INTERNATIONAL UNIVERSITY COLLEGE, GHANA KUMASI LIBRARY General Stacks 25/10/2019   BF121.P97(2e) K/640/640/19 21/12/2021 21/12/2021 Books

If you have any concerns or questions; kindly contact the library


© Powered by WIUC ICT DIRECTORATE